[Event "Commonwealth-ch"]
[Site "Chennai"]
[Date "2012.11.29"]
[Round "9"]
[White "Deshpande, Aniruddha"]
[Black "Satra, Hardik"]
[Result "1-0"]
[WhiteElo "2221"]
[BlackElo "1967"]
[PlyCount "125"]
[EventDate "2012.11.23"]
[EventType "swiss"]
[EventRounds "11"]
[EventCountry "IND"]
[SourceTitle "CBM 151 Extra"]
[Source "ChessBase"]
[SourceDate "2012.12.18"]
[SourceVersion "1"]
[SourceVersionDate "2012.12.18"]
[SourceQuality "1"]

1. d4 e6 2. Nf3 Nf6 3. g3 c5 4. c4 cxd4 5. Nxd4 d5 6. Bg2 e5 7. Nf3 d4 8. 0-0 Nc6 9. e3 Be7 10. exd4 exd4 11. Bf4 0-0 12. Ne5 Qb6 13. Nd2 Nxe5 14. Bxe5 Nd7 15. Nf3 Nxe5 16. Nxe5 Bf6 17. Nd3 Bf5 18. b3 Rfe8 19. Qd2 Bxd3 20. Qxd3 Re7 21. Rfe1 Rae8 22. Rxe7 Rxe7 23. a3 a5 24. Rc1 Qa6 25. Bd5 b6 26. Kg2 g6 27. h4 Rd7 28. Qf3 Kg7 29. Re1 Qc8 30. h5 Qd8 31. Qf4 h6 32. hxg6 fxg6 33. Re6 d3 34. Kf1 b5 35. a4 bxa4 36. bxa4 Qf8 37. Rb6 Qe7 38. Re6 Qf8 39. Kg2 Qd8 40. Kh2 h5 41. Ra6 Qe7 42. Re6 Qf8 43. Qe3 Ba1 44. Kg2 Qf5 45. Re4 d2 46. Re7+ Rxe7 47. Qxe7+ Kh6 48. Qe3+ Qg5 49. Qd3 Bc3 50. Bf3 Bb4 51. Qd4 Qe7 52. Qh8+ Qh7 53. Qd4 Qe7 54. Bd1 Qe6 55. Qh8+ Kg5 56. Qg7 Qc6+ 57. Kh2 Qf6 58. f4+ Kf5 59. Qd7+ Qe6 60. g4+ hxg4 61. Bxg4+ Kxg4 62. Qxe6+ Kxf4 63. Qe2 1-0

[Event "Chennai op 3rd"]
[Site "Chennai"]
[Date "2011.01.21"]
[Round "5"]
[White "Satra, Hardik"]
[Black "Pradeep, Kumar RA"]
[Result "0-1"]
[WhiteElo "1895"]
[BlackElo "2231"]
[PlyCount "80"]
[EventDate "2011.01.18"]
[EventType "swiss"]
[EventRounds "11"]
[EventCountry "IND"]
[SourceTitle "CBM 140 Extra"]
[Source "ChessBase"]
[SourceDate "2011.03.01"]
[SourceVersion "1"]
[SourceVersionDate "2011.03.01"]
[SourceQuality "1"]

1. e4 c5 2. Na3 Nc6 3. Bb5 Nf6 4. d3 d6 5. c3 g6 6. f4 Bg7 7. Nf3 Bd7 8. 0-0 a6 9. Bxc6 Bxc6 10. e5 Nd5 11. exd6 Qxd6 12. Nc4 Qc7 13. Nce5 0-0 14. Nxc6 Qxc6 15. Ne5 Qc7 16. Qf3 Rad8 17. Ng4 f5 18. Nf2 e5 19. Nh3 Rfe8 20. Re1 b5 21. fxe5 Bxe5 22. Bg5 Nf6 23. Nf4 Qd6 24. Rad1 b4 25. Kh1 bxc3 26. bxc3 Bxc3 27. Rxe8+ Rxe8 28. Qb7 Bd4 29. Bxf6 Qxf6 30. g3 Qf7 31. Qxa6 g5 32. Ng2 f4 33. gxf4 gxf4 34. Qc4 f3 35. Qxf7+ Kxf7 36. Rf1 f2 37. Nf4 Ra8 38. Ne2 Be3 39. Kg2 Rd8 40. Nc1 Rg8+ 0-1